[Event "Barcelona Tres Peons-E 45th"]
[Site "Barcelona"]
[Date "2016.04.15"]
[Round "1.5"]
[White "Mansilla Lou, Lluis"]
[Black "Bieg Pagel, Clemens"]
[Result "1-0"]
[WhiteElo "1938"]
[BlackElo "1880"]
[PlyCount "135"]
[EventDate "2016.04.15"]
[EventType "swiss"]
[EventRounds "9"]
[EventCountry "ESP"]
[SourceTitle "EXT 2024"]
[Source "ChessBase"]
[SourceDate "2023.10.10"]
[SourceVersion "1"]
[SourceVersionDate "2023.10.10"]
[SourceQuality "1"]

1. d4 d5 2. c4 c6 3. Nc3 Nf6 4. Nf3 dxc4 5. a4 Na6 6. e3 Bg4 7. Bxc4 e6 8. Qb3 Nb4 9. Ne5 Bf5 10. 0-0 Be7 11. Bd2 0-0 12. e4 Bg6 13. Nxg6 hxg6 14. e5 Nfd5 15. Bxd5 Nxd5 16. Qxb7 Rb8 17. Qxa7 Rxb2 18. Nxd5 cxd5 19. Ba5 Qa8 20. Qxa8 Rxa8 21. Be1 Bd8 22. a5 Rb5 23. Ra4 Bxa5 24. Bc3 Ra7 25. Rfa1 Rab7 26. Rxa5 Rb1+ 27. Be1 R7b4 28. Rxb1 Rxb1 29. Kf1 Rb2 30. Bc3 Rc2 31. Rc5 Ra2 32. Ke1 Kh7 33. Rc7 Kg8 34. Rb7 Rc2 35. Bd2 Ra2 36. g4 Ra4 37. Rb4 Ra1+ 38. Ke2 Ra2 39. Rb8+ Kh7 40. g5 Ra7 41. Be3 Rc7 42. Kd3 Rc4 43. Ra8 Rc7 44. Bd2 Rc4 45. Rf8 Rc7 46. Bb4 Rb7 47. Bc5 Rb3+ 48. Kc2 Rf3 49. Kd2 Rxf2+ 50. Ke3 Rf5 51. Be7 Rf1 52. Bf6 gxf6 53. Rxf7+ Kg8 54. Rxf6 Rh1 55. Rxg6+ Kf7 56. Rh6 Rg1 57. h4 Rg4 58. Rf6+ Ke7 59. Rf4 Rg3+ 60. Kf2 Rb3 61. Kg2 Rb8 62. Kg3 Rg8 63. Kg4 Rg7 64. h5 Rg8 65. g6 Rg7 66. Rf7+ Rxf7 67. gxf7 Kxf7 68. Kg5 1-0

[Event "Barcelona Vila de Gracia op 9th"]
[Site "Barcelona"]
[Date "2015.11.27"]
[Round "9"]
[White "Ortega Rios, Jorge"]
[Black "Mansilla Lou, Lluis"]
[Result "1/2-1/2"]
[WhiteElo "2120"]
[BlackElo "2064"]
[PlyCount "84"]
[EventDate "2015.10.02"]
[EventType "swiss"]
[EventRounds "9"]
[EventCountry "ESP"]
[SourceTitle "CBM 169 Extra"]
[Source "ChessBase"]
[SourceDate "2015.12.18"]
[SourceVersion "1"]
[SourceVersionDate "2015.12.18"]
[SourceQuality "1"]

1. e4 e6 2. d4 d5 3. Nc3 Nf6 4. e5 Nfd7 5. f4 c5 6. Nf3 Nc6 7. Be3 cxd4 8. Nxd4 Ndb8 9. Ncb5 Bd7 10. Qd2 Nxd4 11. Nxd4 Nc6 12. c3 Nxd4 13. Bxd4 Be7 14. Qf2 b6 15. Bd3 g6 16. 0-0 Qc7 17. b4 0-0 18. Rae1 f6 19. g4 fxe5 20. Bxe5 Bd6 21. Qd4 Bxe5 22. Rxe5 Rac8 23. Rc1 Bc6 24. Rc2 Ba4 25. Rc1 a5 26. bxa5 Qc5 27. Qxc5 bxc5 28. Rf1 c4 29. Bb1 d4 30. cxd4 c3 31. Bd3 c2 32. Ree1 Rfd8 33. Ba6 Rc3 34. Rc1 Ra8 35. Bb7 Rxa5 36. Be4 Bb5 37. Rf2 Rxa2 38. f5 Bd3 39. Bxd3 Rxd3 40. fxe6 Rxd4 41. h3 Rd1+ 42. Rf1 Rxc1 1/2-1/2

[Event "Barcelona Vila de Gracia op 9th"]
[Site "Barcelona"]
[Date "2015.10.23"]
[Round "4"]
[White "Mansilla Lou, Lluis"]
[Black "Daguro Dasalla, Armando"]
[Result "1/2-1/2"]
[WhiteElo "2064"]
[BlackElo "2191"]
[PlyCount "99"]
[EventDate "2015.10.02"]
[EventType "swiss"]
[EventRounds "9"]
[EventCountry "ESP"]
[SourceTitle "CBM 169 Extra"]
[Source "ChessBase"]
[SourceDate "2015.12.18"]
[SourceVersion "1"]
[SourceVersionDate "2015.12.18"]
[SourceQuality "1"]

1. d4 Nf6 2. Nf3 e6 3. c4 Bb4+ 4. Bd2 Be7 5. Nc3 d5 6. cxd5 exd5 7. Qb3 c6 8. e3 Nbd7 9. Bd3 0-0 10. 0-0 Re8 11. Rfe1 Nf8 12. e4 dxe4 13. Nxe4 Nxe4 14. Bxe4 Bf6 15. d5 cxd5 16. Bxd5 Be6 17. Bxe6 Nxe6 18. Be3 b6 19. Qa3 Qd5 20. Red1 Qb5 21. Rd2 Rad8 22. Rad1 Bxb2 23. Qxa7 Rxd2 24. Rxd2 Bd4 25. h3 Bxe3 26. fxe3 Qc5 27. Rd3 h6 28. Qa3 Qc7 29. Qa4 Rc8 30. Qd1 Nc5 31. Rd6 Re8 32. Qd4 Re4 33. Rd8+ Kh7 34. Qd6 Qxd6 35. Rxd6 Ra4 36. Rxb6 Rxa2 37. Rc6 Ne4 38. Rc4 Nd6 39. Rc7 Re2 40. Rd7 Nc4 41. Rxf7 Nxe3 42. g4 Ra2 43. Nh4 Ra1+ 44. Kh2 Kg8 45. Rf2 Ra5 46. Nf5 Nxf5 47. Rxf5 Rxf5 48. gxf5 Kf7 49. Kg3 Kf6 50. Kf4 1/2-1/2

[Event "Barcelona Tres Peons op 16th"]
[Site "Barcelona"]
[Date "2015.02.20"]
[Round "6"]
[White "Mansilla Lou, Lluis"]
[Black "Alarcon Casellas, Rolando"]
[Result "0-1"]
[WhiteElo "2069"]
[BlackElo "2503"]
[PlyCount "82"]
[EventDate "2015.01.16"]
[EventType "swiss"]
[EventRounds "9"]
[EventCountry "ESP"]
[SourceTitle "EXT 2016"]
[Source "ChessBase"]
[SourceDate "2015.10.08"]
[SourceVersion "1"]
[SourceVersionDate "2015.10.08"]
[SourceQuality "1"]

1. d4 Nf6 2. c4 e6 3. Nf3 d5 4. cxd5 exd5 5. Nc3 c6 6. Bg5 Be7 7. e3 Nh5 8. Bxe7 Qxe7 9. Ne5 Nf6 10. Bd3 0-0 11. 0-0 c5 12. Rc1 Nc6 13. Nxc6 bxc6 14. dxc5 Rb8 15. Qa4 Bd7 16. Qd4 Ng4 17. e4 dxe4 18. Qxe4 Qxe4 19. Bxe4 Rxb2 20. Rb1 Rfb8 21. Rxb2 Rxb2 22. Rb1 Rxb1+ 23. Bxb1 Kf8 24. f3 Ne5 25. Kf2 f5 26. Ke3 Ke7 27. Kd4 Ng6 28. g3 Kf6 29. f4 Nf8 30. Na4 Be6 31. Nb2 Bd5 32. Kc3 Ne6 33. Nd3 Be4 34. Kb4 h6 35. Bc2 Nd4 36. Bb1 Nf3 37. Ne5 Nxe5 38. Bxe4 fxe4 39. fxe5+ Kxe5 40. Kc4 a5 41. h3 h5 0-1

[Event "Barcelona La Lira op 32nd"]
[Site "Barcelona"]
[Date "2014.03.06"]
[Round "8"]
[White "Mansilla Lou, Lluis"]
[Black "Romero Funieles, Rafael de Jesus"]
[Result "1-0"]
[WhiteElo "1938"]
[BlackElo "1748"]
[PlyCount "113"]
[EventDate "2014.01.16"]
[EventType "swiss"]
[EventRounds "9"]
[EventCountry "ESP"]
[SourceTitle "EXT 2015"]
[Source "ChessBase"]
[SourceDate "2014.11.20"]
[SourceVersion "1"]
[SourceVersionDate "2014.11.20"]
[SourceQuality "1"]

1. e4 e6 2. d4 d6 3. Nf3 h6 4. Nc3 c6 5. Bc4 Nf6 6. Bb3 b5 7. a3 a5 8. 0-0 Be7 9. e5 Nd5 10. Ne4 a4 11. Ba2 Nb6 12. exd6 Bxd6 13. Ne5 Bxe5 14. dxe5 Qxd1 15. Rxd1 0-0 16. Be3 Nd5 17. Bc5 Rd8 18. Rd2 Nd7 19. Bd6 Bb7 20. Rad1 Rdc8 21. c4 bxc4 22. Bxc4 N5b6 23. Bf1 c5 24. Nc3 Nd5 25. Rc2 c4 26. Rdc1 Nxc3 27. Rxc3 Ra5 28. f4 Rb5 29. Bb4 Bd5 30. Bxc4 Bxc4 31. Rxc4 Rxc4 32. Rxc4 Nb6 33. Rc5 Rxc5 34. Bxc5 Nc4 35. Bd4 Kh7 36. Kf2 Kg6 37. Ke2 Kf5 38. Kd3 Na5 39. Be3 f6 40. exf6 gxf6 41. g3 h5 42. Bd2 Nb3 43. Bc3 e5 44. fxe5 fxe5 45. h3 Nc5+ 46. Kc4 Ne4 47. Be1 Ng5 48. g4+ hxg4 49. hxg4+ Kxg4 50. Kb5 Nf3 51. Bf2 Nd4+ 52. Bxd4 exd4 53. Kc4 Kf4 54. Kxd4 Kf3 55. Kc4 Ke4 56. Kb4 Kd3 57. Kxa4 1-0

[Event "Barcelona La Lira op 32nd"]
[Site "Barcelona"]
[Date "2014.02.13"]
[Round "5"]
[White "Porras Mateo, Felipe"]
[Black "Mansilla Lou, Lluis"]
[Result "1-0"]
[WhiteElo "2229"]
[BlackElo "1938"]
[PlyCount "81"]
[EventDate "2014.01.16"]
[EventType "swiss"]
[EventRounds "9"]
[EventCountry "ESP"]
[SourceTitle "EXT 2015"]
[Source "ChessBase"]
[SourceDate "2014.11.20"]
[SourceVersion "1"]
[SourceVersionDate "2014.11.20"]
[SourceQuality "1"]

1. c4 Nf6 2. Nf3 e6 3. d4 b6 4. g3 Bb7 5. Bg2 Be7 6. 0-0 0-0 7. Qc2 Be4 8. Qb3 Bb7 9. Qc2 Be4 10. Qd1 Bb7 11. Bf4 d6 12. Bg5 Nbd7 13. Re1 h6 14. Bf4 Qc8 15. Na3 Ne4 16. Qc2 f5 17. d5 e5 18. Bc1 a5 19. Nd2 Nxd2 20. Bxd2 Nc5 21. b3 Qd7 22. Rad1 Rac8 23. Nb5 Bd8 24. a3 Bf6 25. b4 axb4 26. axb4 Na6 27. Bc3 e4 28. Bh3 g6 29. Bxf6 Rxf6 30. Qc3 Qg7 31. Nd4 Rf7 32. e3 Qe5 33. Qd2 g5 34. Ra1 Ra8 35. Ra3 Rff8 36. Rea1 g4 37. Bf1 Rfc8 38. R1a2 Kf7 39. Ne6 b5 40. Nf4 c5 41. dxc6 1-0

[Event "Barcelona La Lira op 32nd"]
[Site "Barcelona"]
[Date "2014.01.16"]
[Round "1"]
[White "Sanchez Coves, Juan Josep"]
[Black "Mansilla Lou, Lluis"]
[Result "0-1"]
[WhiteElo "1596"]
[BlackElo "1938"]
[PlyCount "140"]
[EventDate "2014.01.16"]
[EventType "swiss"]
[EventRounds "9"]
[EventCountry "ESP"]
[SourceTitle "EXT 2015"]
[Source "ChessBase"]
[SourceDate "2014.11.20"]
[SourceVersion "1"]
[SourceVersionDate "2014.11.20"]
[SourceQuality "1"]

1. Nf3 Nf6 2. g3 g6 3. Bg2 Bg7 4. 0-0 0-0 5. d3 d5 6. Nbd2 c5 7. e4 Nc6 8. c3 Rb8 9. Re1 e5 10. exd5 Nxd5 11. Ne4 b6 12. Nh4 h6 13. Qf3 Nce7 14. c4 Nb4 15. Nf6+ Kh8 16. Rxe5 Nec6 17. Qe2 Nxe5 18. Qxe5 Qxf6 19. Qxb8 Nxd3 20. Be3 Bg4 21. Qb7 Qxb2 22. Rf1 Be2 23. Bd5 Qf6 24. Rb1 Ne5 25. Re1 Bxc4 26. Bxc4 Nxc4 27. Qxa7 g5 28. Ng2 Qf3 29. Qa6 Nxe3 30. fxe3 Ra8 31. Qc4 Qf6 32. Rf1 Qe6 33. Qb3 Rxa2 34. Qd3 Ra1 35. Qd8+ Kh7 36. Qd3+ Qg6 37. Qxg6+ Kxg6 38. Rxa1 Bxa1 39. Ne1 Kf5 40. Kf2 Ke4 41. Nc2 Bb2 42. Ke2 b5 43. Ne1 b4 44. Nd3 Bc3 45. Nxc5+ Kd5 46. Nb3 Kc4 47. Na5+ Kb5 48. Nb3 Ka4 49. Nc5+ Ka3 50. Kd3 Bg7 51. Kc4 Bf8 52. Nb3 Kb2 53. Na5 Kc2 54. Nb3 g4 55. e4 f6 56. Nd4+ Kd2 57. Nf5 Ke2 58. Nd4+ Kf2 59. Ne6 Be7 60. Nf4 Kf3 61. Nd5 Bd8 62. Nxb4 Kxe4 63. Nd3 Bb6 64. Nf4 Be3 65. Ne6 Bg1 66. Nf4 Bxh2 67. Nh5 Kf3 68. Kd5 Bxg3 69. Ke6 Be5 70. Kf5 g3 0-1

[Event "Barcelona Primavera La Lira op 6th"]
[Site "Barcelona"]
[Date "2013.04.18"]
[Round "2"]
[White "Mansilla Lou, Lluis"]
[Black "Peiron Lluch, Jose Daniel"]
[Result "1/2-1/2"]
[WhiteElo "1971"]
[BlackElo "1798"]
[PlyCount "29"]
[EventDate "2013.04.11"]
[EventType "swiss"]
[EventRounds "9"]
[EventCountry "ESP"]
[SourceTitle "CBM 154 Extra"]
[Source "ChessBase"]
[SourceDate "2013.06.25"]
[SourceVersion "2"]
[SourceVersionDate "2013.06.25"]
[SourceQuality "1"]

1. d4 Nf6 2. c4 g6 3. Nc3 d5 4. cxd5 Nxd5 5. e4 Nxc3 6. bxc3 Bg7 7. Bc4 0-0 8. Ne2 c5 9. Be3 Nc6 10. 0-0 Na5 11. Bd3 c4 12. Bc2 Bd7 13. f4 e6 14. Qe1 Qe7 15. Ng3 1/2-1/2

[Event "Barcelona Primavera La Lira op 5th"]
[Site "Barcelona"]
[Date "2012.04.19"]
[Round "1"]
[White "Mansilla Lou, Lluis"]
[Black "Perolet Perez, Miquel"]
[Result "1-0"]
[WhiteElo "1962"]
[BlackElo "1662"]
[PlyCount "89"]
[EventDate "2012.04.19"]
[EventType "swiss"]
[EventRounds "9"]
[EventCountry "ESP"]
[SourceTitle "CBM 148 Extra"]
[Source "ChessBase"]
[SourceDate "2012.06.22"]
[SourceVersion "1"]
[SourceVersionDate "2012.06.22"]
[SourceQuality "1"]

1. d4 d5 2. Nf3 Nf6 3. c4 e6 4. e3 c6 5. Bd3 g6 6. 0-0 Nbd7 7. b3 Qc7 8. Bb2 Bg7 9. Nbd2 0-0 10. Rc1 Qd8 11. h3 Re8 12. b4 Nf8 13. Qc2 N6d7 14. Qb3 Nf6 15. Rfd1 N8d7 16. a4 Nh5 17. b5 e5 18. cxd5 e4 19. Nxe4 cxb5 20. axb5 Nb6 21. g4 Nf6 22. Nxf6+ Qxf6 23. Kg2 Rd8 24. e4 Qf4 25. Nh2 h5 26. f3 h4 27. Nf1 Kh7 28. Rc5 Nd7 29. Rc2 Nb6 30. Bc1 Qd6 31. Bc4 f6 32. Ba3 Qd7 33. Ne3 Qe8 34. d6 Bd7 35. Bf7 Qf8 36. Rc7 Bh6 37. g5 Bxg5 38. Ng4 Bf4 39. Nxf6+ Kg7 40. Nxd7 Nxd7 41. Be6 Qe8 42. d5 Kh6 43. Qc3 Ne5 44. Bc1 Qf8 45. Qxe5 1-0

[Event "Barcelona Primavera La Lira op 4th"]
[Site "Barcelona"]
[Date "2011.05.26"]
[Round "8"]
[White "Ruiz Manchon, Francesco Xavier"]
[Black "Mansilla Lou, Lluis"]
[Result "1-0"]
[WhiteElo "2076"]
[BlackElo "1935"]
[PlyCount "47"]
[EventDate "2011.03.31"]
[EventType "swiss"]
[EventRounds "9"]
[EventCountry "ESP"]
[SourceTitle "EXT 2012"]
[Source "ChessBase"]
[SourceDate "2011.11.24"]
[SourceVersion "1"]
[SourceVersionDate "2011.11.24"]
[SourceQuality "1"]

1. e4 e6 2. d3 c5 3. Nf3 Nc6 4. g3 d5 5. Nbd2 Nge7 6. Bg2 e5 7. exd5 Nxd5 8. 0-0 f6 9. a4 Be6 10. Nc4 Qd7 11. Re1 Bg4 12. c3 0-0-0 13. a5 Kb8 14. Qa4 Nc7 15. Be3 g5 16. Nfd2 Na6 17. Ne4 Qf5 18. Ra3 Kc7 19. Rb3 Rb8 20. Nxg5 Nd4 21. cxd4 cxd4 22. Rxb7+ Rxb7 23. Qc6+ Kb8 24. Qxb7# 1-0

[Event "Barcelona La Lira-B 12th"]
[Site "Barcelona"]
[Date "2009.07.19"]
[Round "2"]
[White "Mansilla Lou, Lluis"]
[Black "Mir Vinas, Pau Jose"]
[Result "1-0"]
[WhiteElo "1944"]
[BlackElo "1949"]
[PlyCount "57"]
[EventDate "2009.07.18"]
[EventType "tourn"]
[EventRounds "9"]
[EventCountry "ESP"]
[SourceTitle "EXT 2011"]
[Source "ChessBase"]
[SourceDate "2010.11.26"]
[SourceVersion "1"]
[SourceVersionDate "2010.11.26"]
[SourceQuality "1"]

1. d4 Nf6 2. c4 g6 3. Nc3 d5 4. Bg5 dxc4 5. e3 Bg7 6. Bxc4 0-0 7. Nf3 c6 8. a4 Bg4 9. 0-0 Nbd7 10. h3 Bxf3 11. Qxf3 e5 12. d5 Nb6 13. Ne4 Nxc4 14. dxc6 Nxe4 15. Bxd8 Ned2 16. Qe2 Raxd8 17. Rfd1 bxc6 18. Rac1 Na5 19. Rxd2 Rxd2 20. Qxd2 Nb3 21. Qc2 Nxc1 22. Qxc1 f5 23. Qxc6 Bf6 24. b4 e4 25. a5 Kg7 26. b5 Be5 27. b6 axb6 28. a6 Rf7 29. Qxb6 1-0

[Event "Barcelona Tres Peons op"]
[Site "Barcelona"]
[Date "1999.??.??"]
[Round "5"]
[White "Martin Valentin, Francesco"]
[Black "Mansilla Lou, Lluis"]
[Result "1-0"]
[WhiteElo "2115"]
[BlackElo "1965"]
[PlyCount "71"]
[EventDate "1999.??.??"]
[EventType "swiss"]
[EventRounds "9"]
[EventCountry "ESP"]
[SourceTitle "EXT 2000"]
[Source "ChessBase"]
[SourceDate "1999.11.16"]
[SourceVersion "1"]
[SourceVersionDate "1999.11.16"]
[SourceQuality "1"]

1. d4 d5 2. c4 e6 3. Nc3 f5 4. Nf3 c6 5. cxd5 exd5 6. Bf4 Nf6 7. e3 Bd6 8. Bxd6 Qxd6 9. g3 0-0 10. Bg2 Nbd7 11. 0-0 Ne4 12. Qc2 Qh6 13. Na4 Ndf6 14. Nc5 g5 15. Nd3 Rf7 16. Nfe5 Rg7 17. f3 Nd6 18. Rae1 g4 19. f4 Nd7 20. b4 Nb6 21. Nc5 Qh5 22. a4 Qe8 23. b5 Kh8 24. bxc6 bxc6 25. Rc1 a5 26. Rfe1 Rc7 27. Ncd3 Nbc4 28. Qc3 Rb8 29. Nc5 Rb6 30. Bf1 Be6 31. Rb1 Qb8 32. Rxb6 Nxb6 33. Nxc6 Qe8 34. Ne7 Qxe7 35. Rb1 Nbc4 36. Bxc4 1-0

[Event "Barcelona op-B"]
[Site "Barcelona"]
[Date "1998.??.??"]
[Round "8"]
[White "Mansilla Lou, Lluis"]
[Black "Gonzalez Garcia, Marc"]
[Result "0-1"]
[WhiteElo "1970"]
[BlackElo "1955"]
[PlyCount "42"]
[EventDate "1998.??.??"]
[EventType "swiss"]
[EventRounds "8"]
[EventCountry "ESP"]
[SourceTitle "EXT 2019"]
[Source "ChessBase"]
[SourceDate "2018.10.10"]
[SourceVersion "1"]
[SourceVersionDate "2018.10.10"]
[SourceQuality "1"]

1. f4 e5 2. fxe5 d6 3. exd6 Bxd6 4. Nf3 g5 5. g3 g4 6. Nh4 Ne7 7. d3 Ng6 8. Ng2 h5 9. Bf4 h4 10. Qd2 Nxf4 11. Nxf4 hxg3 12. Qe3+ Qe7 13. Nd5 Qxe3 14. Nxe3 gxh2 15. Bg2 c6 16. Nd2 Bg3+ 17. Kd1 f5 18. Nef1 Bc7 19. Ke1 f4 20. Be4 g3 21. Bg2 Bh3 0-1

[Event "Barcelona op-B"]
[Site "Barcelona"]
[Date "1998.??.??"]
[Round "2"]
[White "Rovira Ruiz, Miquel"]
[Black "Mansilla Lou, Lluis"]
[Result "1-0"]
[WhiteElo "1915"]
[BlackElo "1970"]
[PlyCount "79"]
[EventDate "1998.??.??"]
[EventType "swiss"]
[EventRounds "8"]
[EventCountry "ESP"]
[SourceTitle "EXT 2019"]
[Source "ChessBase"]
[SourceDate "2018.10.10"]
[SourceVersion "1"]
[SourceVersionDate "2018.10.10"]
[SourceQuality "1"]

1. d4 e6 2. c4 f5 3. Nc3 Nf6 4. Nf3 d5 5. g3 c6 6. b3 Bd6 7. Bg2 0-0 8. 0-0 Qe8 9. Ne5 Nbd7 10. Nd3 Ne4 11. Qc2 Ndf6 12. Bf4 Be7 13. f3 Nxc3 14. Qxc3 Qh5 15. Rae1 g5 16. Bc1 Bd6 17. Ne5 Bd7 18. e4 Rae8 19. Rf2 Bc8 20. Rfe2 Rd8 21. Nd3 Bb8 22. exf5 exf5 23. Ba3 Rfe8 24. Be7 Ne4 25. Bxd8 Nxc3 26. Rxe8+ Kf7 27. R1e7+ Kg6 28. Rg8+ Kh6 29. Rgg7 Ne2+ 30. Kf2 Qg6 31. Rxg6+ Kxg6 32. Kxe2 Bd6 33. Ne5+ Bxe5 34. dxe5 a6 35. cxd5 cxd5 36. f4 gxf4 37. gxf4 d4 38. Bd5 Kh5 39. Bf7+ Kg4 40. Rc7 1-0